上海市小测验-Shanghai Municipality Quiz - Statistics

General Stats
  • This quiz has been taken 42 times
  • The average score is 17 of 21
Answer Stats
提示 答案 % Correct
上海位于这条河流的入海口 长江
100%
这条河流穿城而过 黄浦江
97%
最大岛屿 崇明岛
97%
相邻的省级行政区 江苏省
94%
相邻的省级行政区 浙江省
94%
上海的“985”院校 复旦大学
94%
上海的“985”院校 上海交通大学
94%
主要机场 上海虹桥国际机场
94%
主要机场 上海浦东国际机场
94%
上海方言属于这个方言大类 吴语
92%
上海的“985”院校 同济大学
89%
上海的“985”院校 华东师范大学
75%
在这个不平等条约中,上海被迫开埠 {南京}条约
75%
这个地区与陆家嘴隔江相望,拥有众多欧式建筑 外滩
75%
抗日战争时期的这场著名战役发生于上海 淞沪会战
75%
著名的“陆家嘴三件套”,即位于陆家嘴的三座超高建筑 上海金茂大厦
67%
著名的“陆家嘴三件套”,即位于陆家嘴的三座超高建筑 上海中心大厦
64%
上海市花 白玉兰
53%
著名的“陆家嘴三件套”,即位于陆家嘴的三座超高建筑 上海环球金融中心
53%
上海通过这座大桥与浙江嵊泗县相连 {东海}大桥
39%
2025年6月,上海和这个中亚城市结为友好城市 阿拉木图
39%
No matching quizzes found
Score Distribution
Percent of People with Each Score
Percentile by Number Answered
Your Score History
You have not taken this quiz